Концепти "страждання" та "любов" у романі Стівена Кінга "Misery" (Запис № 284929)

МАРК-запис
000 -LEADER
fixed length control field 01360nam a22001577a 4500
041 ## - LANGUAGE CODE
Language code of text/sound track or separate title ukr
080 ## - UNIVERSAL DECIMAL CLASSIFICATION NUMBER
Universal Decimal Classification number 09
090 ## - LOCALLY ASSIGNED LC-TYPE CALL NUMBER (OCLC); LOCAL CALL NUMBER (OCLC)
Local cutter number (OCLC) ; Book number/undivided call number, CALL (RLIN) РОЗ
100 ## - MAIN ENTRY--PERSONAL NAME
Personal name Розіт А.Є.
245 ## - TITLE STATEMENT
Title Концепти "страждання" та "любов" у романі Стівена Кінга "Misery"
260 ## - PUBLICATION, DISTRIBUTION, ETC. (IMPRINT)
Place of publication, distribution, etc Острог
Name of publisher, distributor, etc КАФ
Date of publication, distribution, etc 2012
300 ## - PHYSICAL DESCRIPTION
Extent 55
520 ## - SUMMARY, ETC.
Summary, etc Вступ.<br/>Розділ 1. Трактування поняття "концепт" у науковій літературі.<br/>1.1. Концепт як базова категорія когнітивної лінгвістики та етимологія терміну.<br/>1.2. Поняття "концепт" у лінгвістичній літературі.<br/>Розділ 2. Презентація концепту "страждання" у творі Стівена Кінга "Misery".<br/>2.1. Психологічне представлення концепту.<br/>2.2. Філософське осмислення концепту "страждання" та "любов".<br/>2.3. Репрезентація концепту "страждання" у різних галузях, мистецтві та літературі.<br/>Висновки.<br/>Список використаних джерел.
-- лінгвістика, літературознавство
650 ## - SUBJECT ADDED ENTRY--TOPICAL TERM
Topical term or geographic name as entry element Research Papers
942 ## - ADDED ENTRY ELEMENTS (KOHA)
Koha item type Книги
Фонди
Withdrawn status Lost status Source of classification or shelving scheme Damaged status Not for loan Home library Current library Date acquired Source of acquisition Cost, normal purchase price Total Checkouts Full call number Barcode Date last seen Price effective from Koha item type
    Universal Decimal Classification     ВІЛ - Відділ іноземн. літератури НБ ВІЛ - Відділ іноземн. літератури НБ 18/09/2012 Акт №5 1.00   09 215041 09/11/2021 18/09/2012 Книги